[Event "Bruges Masters 2018"]
[Site "Brugge"]
[Date "2018.08.16"]
[Round "7"]
[White "Tomov, Georgi"]
[Black "Zeng, Chongsheng"]
[Result "0-1"]
[WhiteElo "2307"]
[BlackElo "2539"]
[Annotator "ChessBase"]
[PlyCount "114"]
[EventDate "2018.08.12"]
[EventType "swiss"]
[EventCountry "BEL"]
[SourceTitle "playchess.com"]
[Source "ChessBase"]
[SourceQuality "1"]
[TimeControl "5400+30"]

1. e4 {[%emt 0:00:43]} c5 {[%emt 0:07:54]} 2. Nf3 {[%emt 0:00:16]} Nc6 {[%emt 0:00:09]} 3. Bb5 {[%emt 0:00:11]} Nf6 {[%emt 0:02:00]} 4. Bxc6 {[%emt 0:01:05]} bxc6 {[%emt 0:03:12]} 5. e5 {[%emt 0:01:11]} Nd5 {[%emt 0:00:15]} 6. O-O {[%emt 0:01:18]} g6 {[%emt 0:01:14]} 7. c4 {[%emt 0:03:41]} Nc7 {[%emt 0:00:11]} 8. d4 {[%emt 0:00:08]} cxd4 {[%emt 0:00:16]} 9. Qxd4 {[%emt 0:00:03]} Ne6 {[%emt 0:01:27]} 10. Qh4 {[%emt 0:00:55]} h5 {[%emt 0:18:02]} 11. Nc3 {[%emt 0:01:45]} Bg7 {[%emt 0:00:42]} 12. Re1 {[%emt 0:07:22]} d6 {[%emt 0:04:24]} 13. Rd1 {[%emt 0:12:27]} O-O {[%emt 0:03:28]} 14. Ne4 {[%emt 0:00:44]} c5 {[%emt 0:04:36]} 15. Bd2 {[%emt 0:08:44]} Bb7 {[%emt 0:37:29]} 16. Bc3 {[%emt 0:02:02]} Bxe4 {[%emt 0:01:30]} 17. Qxe4 {[%emt 0:00:03]} Qb6 {[%emt 0:00:26]} 18. exd6 {[%emt 0:04:10]} exd6 {[%emt 0:00:01]} 19. Qe3 {[%emt 0:00:51]} Rfe8 {[%emt 0:03:05]} 20. Bxg7 {[%emt 0:03:36]} Nxg7 {[%emt 0:00:40]} 21. Qc3 {[%emt 0:00:41]} Nf5 {[%emt 0:03:18]} 22. Re1 {[%emt 0:00:18]} a5 {[%emt 0:00:22]} 23. h3 {[%emt 0:01:59]} Qb4 {[%emt 0:00:45]} 24. Qxb4 {[%emt 0:03:24]} axb4 {[%emt 0:00:09]} 25. Rxe8+ {[%emt 0:00:07]} Rxe8 {[%emt 0:00:07]} 26. Kf1 {[%emt 0:00:02]} Kf8 {[%emt 0:01:18]} 27. a4 {[%emt 0:02:13]} bxa3 {[%emt 0:00:30]} 28. Rxa3 {[%emt 0:00:10]} Rb8 {[%emt 0:00:20]} 29. b3 {[%emt 0:00:07]} Ke7 {[%emt 0:00:22]} 30. Ke2 {[%emt 0:00:01]} h4 {[%emt 0:00:48]} 31. Kd3 {[%emt 0:00:18]} Kf6 {[%emt 0:00:12]} 32. Kc3 {[%emt 0:01:40]} Re8 {[%emt 0:00:34]} 33. Ra2 {[%emt 0:00:38]} g5 {[%emt 0:00:16]} 34. b4 {[%emt 0:05:04]} cxb4+ {[%emt 0:00:13]} 35. Kxb4 {[%emt 0:00:06]} Re4 {[%emt 0:02:37]} 36. Kc3 {[%emt 0:01:56]} g4 {[%emt 0:00:02]} 37. Nd2 {[%emt 0:00:49]} Rf4 {[%emt 0:00:02]} 38. hxg4 {[%emt 0:00:09]} Rxg4 {[%emt 0:00:02]} 39. f3 {[%emt 0:00:08]} Rg6 {[%emt 0:00:44]} 40. Ne4+ {[%emt 0:14:55]} Ke5 {[%emt 0:00:26]} 41. Kd3 {[%emt 0:00:04]} Kf4 {[%emt 0:00:33]} 42. Rb2 {[%emt 0:02:22]} Ne3 {[%emt 0:00:56]} 43. c5 {[%emt 0:12:02]} dxc5 {[%emt 0:01:42]} 44. Nxc5 {[%emt 0:00:03]} Nxg2 {[%emt 0:00:26]} 45. Ke2 {[%emt 0:00:08]} Kg3 {[%emt 0:02:50]} 46. Ne4+ {[%emt 0:00:23]} Kh2 {[%emt 0:00:16]} 47. Kf2 {[%emt 0:01:26]} f5 {[%emt 0:01:21]} 48. Nc3 {[%emt 0:01:22]} Nf4 {[%emt 0:00:58]} 49. Rb5 {[%emt 0:01:45]} Re6 {[%emt 0:00:24]} 50. Kf1 {[%emt 0:05:03]} Re3 {[%emt 0:00:35]} 51. Nd5 {[%emt 0:03:07]} Rxf3+ {[%emt 0:00:25]} 52. Ke1 {[%emt 0:00:01]} Nxd5 {[%emt 0:00:33]} 53. Rxd5 {[%emt 0:00:01]} h3 {[%emt 0:00:20]} 54. Rd8 {[%emt 0:00:39]} Kg2 {[%emt 0:00:11]} 55. Rd2+ {[%emt 0:00:45]} Kg1 {[%emt 0:00:45]} 56. Rd8 {[%emt 0:00:05]} Re3+ {[%emt 0:00:25]} 57. Kd2 {[%emt 0:00:01]} Rg3 {[%emt 0:00:06]} 0-1

[Event "Bruges Masters 2018"]
[Site "Brugge"]
[Date "2018.08.16"]
[Round "7"]
[White "Ehmann, Thilo"]
[Black "Chernov, Vadim"]
[Result "1-0"]
[WhiteElo "2303"]
[BlackElo "2412"]
[Annotator "RC"]
[PlyCount "93"]
[EventDate "2018.08.12"]
[EventType "swiss"]
[EventCountry "BEL"]
[SourceTitle "playchess.com"]
[Source "ChessBase"]
[SourceQuality "1"]
[TimeControl "5400+30"]

1. e4 {[%emt 0:00:00]} c6 {[%emt 0:00:00]} 2. c4 {[%emt 0:00:00]} d5 {[%emt 0:00:00]} 3. exd5 {[%emt 0:00:00]} cxd5 {[%emt 0:00:00]} 4. cxd5 {[%emt 0:00:00]} Nf6 {[%emt 0:00:00]} 5. Qa4+ {[%emt 0:00:00]} Nbd7 {[%emt 0:00:04]} 6. Nc3 {[%emt 0:00:00]} g6 {[%emt 0:00:07]} 7. Nf3 {[%emt 0:00:28]} Bg7 {[%emt 0:00:09]} 8. Bc4 {[%emt 0:00:21]} O-O {[%emt 0:00:04]} 9. d3 {[%emt 0:00:07]} a6 {[%emt 0:01:20]} 10. Qa3 {[%emt 0:00:07]} Nb6 {[%emt 0:02:57]} 11. Qb3 {[%emt 0:00:29]} Nxc4 {[%emt 0:01:01]} 12. dxc4 {[%emt 0:00:36]} b5 {[%emt 0:01:47]} 13. O-O {[%emt 0:03:29]} bxc4 {[%emt 0:01:09]} 14. Qxc4 {[%emt 0:01:46]} a5 {[%emt 0:01:38]} 15. Rd1 {[%emt 0:02:22]} Rb8 {[%emt 0:01:55]} 16. Ne5 {[%emt 0:05:03]} Rb4 {[%emt 0:02:35]} 17. Qe2 {[%emt 0:03:11]} Qd6 {[%emt 0:03:45]} 18. h3 {[%emt 0:21:58]} Ba6 {[%emt 0:02:24]} 19. Qe1 {[%emt 0:00:34]} Bb7 {[%emt 0:07:34]} 20. a3 {[%emt 0:10:43]} Rb3 {[%emt 0:01:56]} 21. Bf4 {[%emt 0:00:42]} Qa6 {[%emt 0:04:16]} 22. Rd2 {[%emt 0:02:44]} Rxc3 {[%emt 0:01:11]} 23. bxc3 {[%emt 0:00:38]} Nxd5 {[%emt 0:00:03]} 24. Bg3 {[%emt 0:00:47]} Nxc3 {[%emt 0:00:29]} 25. f3 {[%emt 0:08:37]} Nd5 {[%emt 0:02:00]} 26. Rb1 {[%emt 0:00:41]} e6 {[%emt 0:00:31]} 27. Rdb2 {[%emt 0:02:48]} Bc8 {[%emt 0:01:25]} 28. Rc2 {[%emt 0:04:45]} Ne7 {[%emt 0:03:37]} 29. Bf2 {[%emt 0:04:41]} Qd6 {[%emt 0:03:43]} 30. Bc5 {[%emt 0:02:49]} Qxe5 {[%emt 0:00:16]} 31. Qxe5 {[%emt 0:00:27]} Bxe5 {[%emt 0:00:04]} 32. Bxe7 {[%emt 0:00:04]} Re8 {[%emt 0:00:05]} 33. Rd1 {[%emt 0:01:29]} a4 {[%emt 0:06:58]} 34. Rc4 {[%emt 0:05:03]} Kg7 {[%emt 0:04:52]} 35. Bd6 {[%emt 0:01:11]} Bf6 {[%emt 0:02:30]} 36. Bg3 {[%emt 0:00:46]} Bb7 {[%emt 0:02:53]} 37. Rd7 {[%emt 0:02:07]} Bd5 {[%emt 0:00:07]} 38. Rcc7 {[%emt 0:00:41]} Bd4+ {[%emt 0:00:17]} 39. Kh2 {[%emt 0:00:29]} h6 {[%emt 0:00:47]} 40. Rxf7+ {[%emt 0:00:17]} Kg8 {[%emt 0:00:04]} 41. Bd6 {[%emt 0:01:50]} Rd8 {[%emt 0:01:19]} 42. Rfd7 {[%emt 0:00:54]} Rxd7 {[%emt 0:00:57]} 43. Rxd7 {[%emt 0:01:05]} g5 {[%emt 0:01:25]} 44. Kg3 {[%emt 0:02:05]} h5 {[%emt 0:00:27]} 45. h4 {[%emt 0:00:40]} Bf6 {[%emt 0:00:28]} 46. hxg5 {[%emt 0:00:19]} Bxg5 {[%emt 0:00:04]} 47. Ra7 {[%emt 0:02:06]} 1-0

[Event "Bruges Masters 2018"]
[Site "Brugge"]
[Date "2018.08.16"]
[Round "7"]
[White "Hu Yik Kwan"]
[Black "Geirnaert, Steven"]
[Result "0-1"]
[WhiteElo "1504"]
[BlackElo "2427"]
[Annotator "ChessBase"]
[PlyCount "73"]
[EventDate "2018.08.12"]
[EventType "swiss"]
[EventCountry "BEL"]
[SourceTitle "playchess.com"]
[Source "ChessBase"]
[SourceQuality "1"]
[TimeControl "5400+30"]

1. e4 {[%emt 0:00:00]} d5 {[%emt 0:03:47]} 2. exd5 {[%emt 0:04:33]} Qxd5 {[%emt 0:00:07]} 3. Nc3 {[%emt 0:03:06]} Qa5 {[%emt 0:00:12]} 4. Nf3 {[%emt 0:06:27]} Nf6 {[%emt 0:01:22]} 5. d3 {[%emt 0:07:16]} c6 {[%emt 0:02:04]} 6. Be2 {[%emt 0:01:36]} Bf5 {[%emt 0:01:14]} 7. O-O {[%emt 0:00:16]} e6 {[%emt 0:00:09]} 8. Bd2 {[%emt 0:01:50]} Qc7 {[%emt 0:00:18]} 9. Nh4 {[%emt 0:03:59]} Bg6 {[%emt 0:00:39]} 10. h3 {[%emt 0:00:56]} Nbd7 {[%emt 0:00:26]} 11. Rb1 {[%emt 0:16:24]} a5 {[%emt 0:00:33]} 12. Bf3 {[%emt 0:11:54]} Bc5 {[%emt 0:05:21]} 13. Qe2 {[%emt 0:01:14]} Qg3 {[%emt 0:01:54]} 14. Nxg6 {[%emt 0:12:32]} hxg6 {[%emt 0:00:20]} 15. Be3 {[%emt 0:00:39]} Qe5 {[%emt 0:03:04]} 16. Bd2 {[%emt 0:08:17]} g5 {[%emt 0:21:30]} 17. Ne4 {[%emt 0:07:48]} Nxe4 {[%emt 0:02:23]} 18. Qxe4 {[%emt 0:00:19]} Rh4 {[%emt 0:10:20]} 19. Qxe5 {[%emt 0:03:58]} Nxe5 {[%emt 0:00:07]} 20. Be2 {[%emt 0:00:16]} Be7 {[%emt 0:01:57]} 21. Rbe1 {[%emt 0:03:54]} Ng6 {[%emt 0:01:00]} 22. Bg4 {[%emt 0:00:44]} Bf6 {[%emt 0:04:45]} 23. g3 {[%emt 0:00:46]} Rh8 {[%emt 0:00:24]} 24. Kg2 {[%emt 0:00:15]} Ne7 {[%emt 0:03:55]} 25. Bf3 {[%emt 0:01:50]} Nf5 {[%emt 0:02:36]} 26. c3 {[%emt 0:01:20]} a4 {[%emt 0:00:56]} 27. Be4 {[%emt 0:00:39]} Nd6 {[%emt 0:00:39]} 28. Bf3 {[%emt 0:00:39]} Ke7 {[%emt 0:00:59]} 29. Rb1 {[%emt 0:00:32]} Rhd8 {[%emt 0:00:36]} 30. d4 {[%emt 0:00:30]} Nb5 {[%emt 0:02:02]} 31. Be2 {[%emt 0:00:30]} Nc7 {[%emt 0:01:46]} 32. Be3 {[%emt 0:00:30]} Nd5 {[%emt 0:01:54]} 33. Bd2 {[%emt 0:00:30]} Kf8 {[%emt 0:01:36]} 34. Rfd1 {[%emt 0:00:30]} Ne7 {[%emt 0:00:51]} 35. Bg4 {[%emt 0:00:29]} Rd7 {[%emt 0:01:24]} 36. Be3 {[%emt 0:00:31]} Rad8 {[%emt 0:00:18]} 37. b4 {[%emt 0:01:01]} 0-1

[Event "Bruges Masters 2018"]
[Site "Brugge"]
[Date "2018.08.16"]
[Round "8"]
[White "Nikolov, Momchil"]
[Black "Rajesh, V A V"]
[Result "1/2-1/2"]
[WhiteElo "2549"]
[BlackElo "2325"]
[Annotator "TA"]
[PlyCount "147"]
[EventDate "2018.08.12"]
[EventType "swiss"]
[EventCountry "BEL"]
[SourceTitle "playchess.com"]
[Source "ChessBase"]
[SourceQuality "1"]

{[%evp 24,147,59,55,59,54,58,39,66,53,58,52,68,14,21,21,19,13,26,33,19,22,29,15,28,9,5,2,8,10,9,0,0,0,0,0,16,14,49,44,68,42,38,27,104,103,96,53,58,27,51,47,50,41,28,25,29,0,0,0,24,35,37,0,0,0,0,0,0,0,0,3,8,0,99,0,0,0,0,0,189,13,95,94,109,109,116,109,109,13,13,67,874,788,643,563,202,7,7,0,0,0,0,0,0,0,0,0,0,0,0,0,0,0,0,0,0,0,0,0,0,0,0,0,0,0]} 1. Nf3 Nf6 2. c4 c5 3. Nc3 Nc6 4. d4 cxd4 5. Nxd4 g6 6. e4 d6 7. Be2 Bg7 8. Be3 Bd7 9. O-O O-O 10. Qd2 Nxd4 11. Bxd4 Bc6 12. f3 Nd7 13. Be3 {LiveBook: 374 Games} Rc8 {B38: Sicilian: Maroczy Bind with 5...Bg7 and 7...0-0} (13... a5 14. b3 Nc5 15. Rab1 Qb6 16. Rfc1 Rfc8 17. Rc2 Be5 18. Nd5 Qd8 19. Bg5 f6 20. Bh4 e6 21. Nc3 g5 22. Bg3 h5 23. Qe3 Qe7 24. a3 a4 25. b4 {1-0 (48) Artemiev,V (2653)-Gabuzyan,H (2607) Martuni 2016 CBM 174 [Baldauf,M]}) 14. Rab1 (14. Bxa7 $2 b6 $19) 14... b6 15. Nd5 Bb7 $146 {White is slightly better.} ({Predecessor:} 15... Kh8 16. Bg5 f6 17. Be3 Rf7 18. Rfd1 Qe8 19. Bf1 Nf8 20. g3 e6 21. Nc3 {0-1 (73) Hoehne,V (1936)-Hierling,S (1928) Erlensee 2007}) 16. Rfd1 Re8 17. Rbc1 Ne5 18. Bg5 (18. b3 $14) 18... f6 $11 19. Be3 e6 20. Nf4 Bf8 21. b3 Qc7 22. Kh1 Qf7 23. Bf1 g5 24. Ne2 g4 25. f4 Nd7 {[%cal Be5d7,Bd7c5,Bc5d3][%mdl 32]} 26. Nc3 Nc5 27. Bd3 Qg6 {[%cal Rc5e4]} 28. Re1 Nxd3 29. Qxd3 Rcd8 30. f5 Qh5 31. Bf4 exf5 32. exf5 (32. Nd5 $5 {[%cal Rd5f6]} Qf7 33. exf5 $16) 32... Qh3 {[%csl Gb7][%cal Rh3g2]} 33. Qc2 Qh4 (33... Qh5 $1 $11 {remains equal.}) 34. Bg3 $16 Qg5 35. Rf1 h5 36. Bf4 Qg7 37. Qd3 Qf7 38. Nd5 Rc8 39. h3 b5 40. Qg3 bxc4 41. bxc4 Bxd5 (41... Re2 {looks sharper.} 42. hxg4 Rxc4 43. gxh5+ Kh8 44. Ne3 Re4) 42. cxd5 Rxc1 $1 43. Rxc1 (43. Bxc1 {is interesting.} Re4 44. Bf4 a5 45. hxg4 hxg4 46. Qxg4+ Qg7 47. Qxg7+ Kxg7 48. Bd2) 43... Qh7 44. Qd3 Bh6 45. Qd2 Bf8 46. Qc2 Bh6 47. Qa4 Re7 $1 48. Qa5 $40 {[%mdl 128] White has some attack.} Re8 (48... Bxf4 $2 49. Qd8+ Kf7 50. Qxe7+ $1 {[%mdl 512]} Kxe7 51. Rc7+ Ke8 52. Rxh7 $18) (48... gxh3 $11 49. Qd8+ Bf8) 49. Qb5 (49. Rc7 $16 Bg7 50. Qxa7 (50. Bxd6 Qxf5 51. Qb5 Re1+ 52. Kh2 gxh3 $17) 50... gxh3 51. Bxd6 (51. gxh3 Qxf5 52. Rxg7+ Kh8 $11)) 49... Rf8 $11 50. Qb4 gxh3 51. Rg1 (51. Qxd6 {seems wilder.} hxg2+ 52. Kxg2 Re8 53. Qc6 Qe7 54. Qc4) 51... h2 $2 (51... Bg5 $11 {and Black is okay.}) 52. Kxh2 $2 ({Don't take} 52. Bxh2 $6 Qxf5 53. Qxd6 Bg5 $14) (52. Re1 $1 $18) 52... Bxf4+ (52... Re8 $1 $11) 53. Qxf4 $18 {[%mdl 4096] Endgame KQR-KQR} Qe7 54. Qg3+ $1 Qg7 55. Qxd6 Qg4 {[%cal Rg4h4] [#]} 56. Qg3 (56. Qe6+ $1 $16 Kg7 57. g3) 56... Qxg3+ $1 $11 57. Kxg3 {Hoping for Kh4. KR-KR} Rd8 $2 {[%mdl 8192]} (57... Kf7 $14) 58. Rd1 $18 Kf7 59. d6 Rg8+ {[#]} 60. Kf3 $2 (60. Kh3 $1 $18) 60... Ke8 $11 {The position is equal.} 61. Re1+ Kd7 62. Re6 h4 63. Rxf6 {Rg6 is the strong threat.} Rg3+ 64. Kf2 Ra3 65. Rh6 Rxa2+ 66. Kf3 Ra4 67. Rg6 a5 68. Rh6 Rb4 69. Rh7+ Kxd6 70. Ra7 Ke5 71. Rxa5+ Kf6 72. Rd5 Kg5 73. f6+ Kxf6 74. Ra5 {Precision: White = 46%, Black = 65%.} 1/2-1/2

[Event "Bruges Masters 2018"]
[Site "Brugge"]
[Date "2018.08.16"]
[Round "8"]
[White "Zeng, Chongsheng"]
[Black "Korneev, Oleg"]
[Result "0-1"]
[WhiteElo "2539"]
[BlackElo "2513"]
[Annotator "ChessBase"]
[PlyCount "114"]
[EventDate "2018.08.12"]
[EventType "swiss"]
[EventCountry "BEL"]
[SourceTitle "playchess.com"]
[Source "ChessBase"]
[SourceQuality "1"]
[TimeControl "5400+30"]

1. d4 {[%emt 0:00:00]} d5 {[%emt 0:09:23]} 2. c4 {[%emt 0:00:00]} e6 {[%emt 0:00:23]} 3. Nf3 {[%emt 0:00:09]} Nf6 {[%emt 0:00:03]} 4. g3 {[%emt 0:00:27]} dxc4 {[%emt 0:05:25]} 5. Bg2 {[%emt 0:00:06]} Bd7 {[%emt 0:01:24]} 6. Ne5 {[%emt 0:05:23]} Bc6 {[%emt 0:00:39]} 7. Nxc6 {[%emt 0:00:33]} Nxc6 {[%emt 0:00:42]} 8. O-O {[%emt 0:03:22]} Qd7 {[%emt 0:09:28]} 9. e3 {[%emt 0:03:21]} Rb8 {[%emt 0:02:49]} 10. Qe2 {[%emt 0:13:27]} e5 {[%emt 0:17:25]} 11. Nc3 {[%emt 0:14:40]} Bd6 {[%emt 0:03:04]} 12. Qxc4 {[%emt 0:02:55]} exd4 {[%emt 0:00:25]} 13. exd4 {[%emt 0:02:07]} O-O {[%emt 0:01:27]} 14. Re1 {[%emt 0:08:44]} h6 {[%emt 0:01:40]} 15. d5 {[%emt 0:02:35]} Ne5 {[%emt 0:15:14]} 16. Qd4 {[%emt 0:00:20]} b6 {[%emt 0:12:48]} 17. Bf4 {[%emt 0:00:08]} Ng6 {[%emt 0:02:32]} 18. Bxd6 {[%emt 0:00:19]} cxd6 {[%emt 0:00:01]} 19. Bf1 {[%emt 0:00:22]} Ne5 {[%emt 0:01:02]} 20. Kg2 {[%emt 0:00:42]} b5 {[%emt 0:00:52]} 21. f4 {[%emt 0:02:32]} Ng6 {[%emt 0:05:54]} 22. Rac1 {[%emt 0:14:23]} a6 {[%emt 0:00:31]} 23. Be2 {[%emt 0:08:31]} Rfe8 {[%emt 0:00:10]} 24. Bf3 {[%emt 0:00:18]} Ne7 {[%emt 0:00:59]} 25. Qf2 {[%emt 0:01:44]} b4 {[%emt 0:03:14]} 26. Ne4 {[%emt 0:01:05]} Nexd5 {[%emt 0:00:49]} 27. Nxf6+ {[%emt 0:06:40]} Nxf6 {[%emt 0:00:04]} 28. Rxe8+ {[%emt 0:00:28]} Qxe8 {[%emt 0:01:33]} 29. Rc6 {[%emt 0:01:24]} a5 {[%emt 0:02:58]} 30. Qe2 {[%emt 0:01:04]} Qd8 {[%emt 0:01:09]} 31. Qa6 {[%emt 0:02:01]} d5 {[%emt 0:00:18]} 32. Rc5 {[%emt 0:00:12]} d4 {[%emt 0:00:56]} 33. Qxa5 {[%emt 0:00:23]} Qe8 {[%emt 0:00:35]} 34. Rc4 {[%emt 0:04:14]} d3 {[%emt 0:00:31]} 35. Rxb4 {[%emt 0:00:04]} Rc8 {[%emt 0:00:23]} 36. Qe5 {[%emt 0:01:58]} Rc2+ {[%emt 0:00:33]} 37. Kh3 {[%emt 0:00:12]} Qd7+ {[%emt 0:00:08]} 38. g4 {[%emt 0:00:35]} h5 {[%emt 0:00:32]} 39. Rb8+ {[%emt 0:00:34]} Rc8 {[%emt 0:00:23]} 40. Rxc8+ {[%emt 0:01:18]} Qxc8 {[%emt 0:00:01]} 41. Qf5 {[%emt 0:00:37]} hxg4+ {[%emt 0:00:44]} 42. Bxg4 {[%emt 0:00:01]} Qd8 {[%emt 0:01:17]} 43. Bd1 {[%emt 0:00:51]} Qd4 {[%emt 0:00:22]} 44. Kg2 {[%emt 0:00:34]} Qxb2+ {[%emt 0:00:06]} 45. Kg3 {[%emt 0:00:29]} Qc3 {[%emt 0:00:41]} 46. Bf3 {[%emt 0:00:36]} d2 {[%emt 0:00:15]} 47. Qb1 {[%emt 0:00:26]} g6 {[%emt 0:01:05]} 48. Kg2 {[%emt 0:00:33]} Kg7 {[%emt 0:00:27]} 49. f5 {[%emt 0:00:31]} g5 {[%emt 0:00:06]} 50. Kf2 {[%emt 0:00:30]} g4 {[%emt 0:00:12]} 51. Be2 {[%emt 0:00:16]} Qc5+ {[%emt 0:00:37]} 52. Kg2 {[%emt 0:00:26]} Qe3 {[%emt 0:00:01]} 53. Qf1 {[%emt 0:00:33]} Qe4+ {[%emt 0:01:00]} 54. Kg1 {[%emt 0:00:45]} Nd5 {[%emt 0:00:10]} 55. Qf2 {[%emt 0:00:27]} Nf4 {[%emt 0:00:19]} 56. f6+ {[%emt 0:00:25]} Kg6 {[%emt 0:00:55]} 57. Bxg4 {[%emt 0:00:14]} d1=Q+ {[%emt 0:00:52]} 0-1

[Event "Bruges Masters 2018"]
[Site "Brugge"]
[Date "2018.08.16"]
[Round "8"]
[White "Wan, Yunguo"]
[Black "Ehmann, Thilo"]
[Result "1-0"]
[WhiteElo "2501"]
[BlackElo "2303"]
[Annotator "TA"]
[PlyCount "63"]
[EventDate "2018.08.12"]
[EventType "swiss"]
[EventCountry "BEL"]
[SourceTitle "playchess.com"]
[Source "ChessBase"]
[SourceQuality "1"]

{[%evp 17,63,29,38,8,67,55,93,81,206,229,214,205,212,227,231,220,225,192,222,204,221,221,236,233,231,231,202,195,501,468,631,630,618,491,688,667,607,310,302,293,490,473,606,579,29972,29974,29998,29999]} 1. e4 e5 2. Nf3 Nc6 3. Bc4 Nf6 4. d3 Bc5 5. Nbd2 a6 6. c3 Ba7 7. O-O d6 8. Bb3 h6 {C54: Giuoco Piano: 4 c3 Nf6, main lines with 5 d4 and 5 d3} 9. Re1 Nh5 {LiveBook: 6 Games} 10. d4 $146 {[%cal Bd3d4,Bd4d5,Bd5c6][%mdl 32]} ({Predecessor:} 10. Nf1 Qf6 11. Ne3 Nf4 12. Nd5 Nxd5 13. exd5 Ne7 14. d4 exd4 15. Nxd4 O-O 16. Be3 {½-½ (101) Amin,B (2689)-Bu,X (2730) Riadh 2017}) 10... Nf4 (10... O-O $11) 11. Nc4 $14 {[%cal Rd4e5]} Qf6 12. Bxf4 exf4 (12... Qxf4 $16 {was necessary.} 13. Ne3 Qf6) 13. e5 $18 dxe5 14. d5 (14. dxe5 Qf5 $14) (14. Ncxe5 O-O) 14... b5 15. dxc6 bxc4 16. Rxe5+ Kf8 17. Bxc4 Bg4 {Strongly threatening ...Bxf3.} 18. Qd5 {And now Rae1 would win.} Bxf3 19. gxf3 Rd8 20. Rae1 (20. Qa5 $6 Qxc6 21. Qxa6 Qxa6 $16) 20... g6 {[#]} ({Avoid the trap} 20... Qg6+ $2 21. Kf1 $18) 21. Qe4 $1 {Hoping for Re7.} (21. Qa5 Bb6 $16) 21... Rd2 22. Re2 Rd1+ $2 {[#]} (22... Rxe2 23. Qxe2 (23. Bxe2 Kg7 $16) 23... Kg7) 23. Kg2 $1 Kg7 {[#]} 24. Bxf7 $1 {[%mdl 512]} h5 (24... Qxf7 25. Re7) 25. Bb3 Rc1 (25... Rd6 $142 26. Re7+ Kh6 27. Rxc7 Bb6) 26. Re7+ Kh6 {White must now prevent ...Qg5+.} 27. Qe5 Qxe5 28. R2xe5 Bb6 $2 (28... h4 29. Kh3 Rc8) 29. h4 Rh7 30. Rd7 Rb1 31. Bc2 Rxb2 {[#]} 32. Rxh5+ $1 {[%mdl 512] Precision: White = 66%, Black = 31%.} 1-0

[Event "Bruges Masters 2018"]
[Site "Brugge"]
[Date "2018.08.16"]
[Round "8"]
[White "Koziak, Vitali"]
[Black "Turner, Matthew J"]
[Result "1-0"]
[WhiteElo "2476"]
[BlackElo "2533"]
[Annotator "TA"]
[PlyCount "101"]
[EventDate "2018.08.12"]
[EventType "swiss"]
[EventCountry "BEL"]
[SourceTitle "playchess.com"]
[Source "ChessBase"]
[SourceQuality "1"]

{[%evp 25,101,50,79,71,79,73,70,99,96,57,113,74,116,123,158,151,172,174,206,199,216,201,245,241,306,301,317,286,274,0,320,315,298,303,314,291,399,395,398,395,420,437,546,518,514,512,914,867,899,875,951,788,823,692,689,689,689,568,688,668,676,674,912,882,2255,2129,1736,1240,1963,1723,2388,2379,5229,5934,29984,29985,29984,29985]} 1. Nf3 Nf6 2. c4 e6 3. Nc3 d5 4. d4 Be7 5. Bg5 O-O 6. e3 Ne4 7. Bxe7 Qxe7 8. Rc1 Nxc3 9. Rxc3 c6 10. Qc2 Nd7 11. Bd3 h6 12. O-O dxc4 13. Bxc4 e5 {[#] LiveBook: 5 Games} 14. d5 $146 {D55: Queen's Gambit Declined: 4 Bg5 Be7: Lines without ...h6 and 6...h6 7 Bxf6} ({Predecessor:} 14. Qe4 Re8 15. Rd1 exd4 16. Qxe7 Rxe7 17. Nxd4 Nb6 18. Bb3 Bd7 19. f3 g6 20. e4 Kg7 21. Rc5 Be8 {1-0 (44) Gajewski,G (2575)-Jakubiec,A (2532) Karpacz 2008}) 14... e4 15. Nd2 {[%cal Bf3d2,Bd2b3,Bb3d4][%mdl 32]} Nf6 16. dxc6 {White is slightly better.} bxc6 17. Bb3 {[%cal Bc4b3,Bb3a4,Ba4c6][%mdl 32]} Bd7 ({Black should play} 17... Ba6 $14) 18. Ba4 Rad8 19. Bxc6 Bf5 20. Nb3 Rd3 21. Nd4 Bg6 22. h3 Rb8 23. Rc1 Qd6 24. a3 a5 25. Rc5 Qd8 26. Bb7 Qd6 27. Bc6 ({Stronger than} 27. Rxa5 Rxd4 28. exd4 e3 $11) 27... Qd8 28. Qe2 Kh7 29. Bb5 Qd6 30. b3 Rb6 31. Qe1 a4 32. Bxa4 Nd5 33. Bb5 f5 34. Bxd3 exd3 35. Qa5 Nxe3 (35... Ne7 $142 36. Nb5 Qe6) 36. fxe3 $18 f4 37. Qd2 Rb7 38. Nb5 Qd7 39. exf4 Rxb5 40. Rxb5 Qxb5 {[%mdl 4096] Endgame KQR-KQB} 41. b4 Qa4 42. Rc3 Qa6 43. Kh2 h5 44. Rc5 Qxa3 45. f5 {[%cal Bf4f5,Bf5f6][%mdl 32]} Bf7 46. Rc7 Kg8 47. Rd7 Qa1 48. Qxd3 Qe5+ 49. Qg3 Qb5 {[#]} 50. f6 $3 {[%csl Gf6][%cal Rg3g7][%mdl 512]} g5 51. Qc7 {Precision: White = 76%, Black = 39%.} 1-0

[Event "Bruges Masters 2018"]
[Site "Brugge"]
[Date "2018.08.16"]
[Round "8"]
[White "Lai, Hing Ting"]
[Black "Hill, Alistair"]
[Result "1-0"]
[WhiteElo "2459"]
[BlackElo "2176"]
[Annotator "TA"]
[PlyCount "47"]
[EventDate "2018.08.12"]
[EventType "swiss"]
[EventCountry "BEL"]
[SourceTitle "playchess.com"]
[Source "ChessBase"]
[SourceQuality "1"]

{[%evp 26,47,147,142,145,144,157,149,147,136,241,239,273,314,367,291,562,568,572,679,643,680,623,564]} 1. d4 Nf6 2. c4 g6 3. Nf3 Bg7 4. g3 d5 5. cxd5 O-O 6. Bg2 Nxd5 7. O-O Nb6 8. Nc3 Nc6 9. e3 Re8 10. Nh4 {D76: Fianchetto Grünfeld: Main Line with 7...Nb6} e5 11. d5 Na5 12. Rb1 e4 13. Nxe4 g5 {[#]} 14. Nxg5 $1 {LiveBook: 4 Games} Qxg5 15. e4 Qd8 {[#]} 16. b3 $1 {[%mdl 1024] White has strong compensation.} c6 17. Qd2 Nd7 $146 (17... Nxd5 $16 18. exd5 cxd5) ({Predecessor:} 17... cxd5 18. exd5 {1-0 (36) Adly,A (2593)-Stany,G (2495) Sharjah 2017}) 18. Nf5 $18 {[%cal Bh4f5,Bf5h6,Bh6g4][%mdl 32]} Bf6 19. Nh6+ Kg7 20. Ng4 Be7 $2 (20... Be5 {was called for.} 21. Qh6+ Kg8) 21. Bb2+ {White is clearly winning.} f6 22. e5 Nxe5 23. Qh6+ Kg8 24. Bxe5 1-0